Almost Useless TV Trivia V Quiz Stats

Quiz Updated Mar 9, 2016

Challenge
Share
Tweet
Embed
Score 0/22 Timer 05:00
10 Plays Today
% Correct
General Hospital
95.9%
Batman: The Animated Series
95.6%
American Idol
93.1%
Jeopardy!
92.6%
CSI
91.6%
Whose Line is it Anyway?
89.9%
Planet Earth
89.5%
The Dukes of Hazzard
89.4%
Dragon Ball Z
86.5%
Once Upon a Time
85.1%
Happy Days
84.7%
% Correct
Bonanza
83.1%
Sons of Anarchy
82.6%
The Munsters
77%
Girls
76.1%
Vikings
75.9%
Heroes
75.6%
True Detective
73.4%
Psych
60%
Arrow
60%
Top Gear (UK)
59.3%
Archer
44.5%

You're not logged in!

Compare scores with friends on all Sporcle quizzes.
Join for Free
OR
Log In

You Might Also Like...

Show Comments

Extras

Top Quizzes Today


Score Distribution

Your Account Isn't Verified!

In order to create a playlist on Sporcle, you need to verify the email address you used during registration. Go to your Sporcle Settings to finish the process.

Report this User

Report this user for behavior that violates our Community Guidelines.

Details: